| 000 | 00765nmm a2200289 a 4500 | ||
|---|---|---|---|
| 003 | AR-BaBNM | ||
| 005 | 20251128211009.0 | ||
| 008 | 042020s1999 ||||||||||||||000 | spa|| | ||
| 020 | _a987-9216-71-7 | ||
| 040 | _cAR-BaBNM | ||
| 100 | 1 | _aGori, Gastón | |
| 245 | 1 | 0 |
_aLa Forestal _bla tragedia del quebracho colorado |
| 260 |
_aBuenos Aires _bAmeghino Editora _c1999 |
||
| 300 | 0 | _a267 p. | |
| 650 | 4 | _aHISTORIA ARGENTINA | |
| 650 | 4 | _aHUELGA | |
| 650 | 4 | _aHISTORIA ECONOMICA | |
| 650 | 4 | _aINSTITUCIONES FINANCIERAS | |
| 650 | 4 | _aHISTORIA POLITICA ARGENTINA | |
| 650 | 4 | _aFERROCARRILES | |
| 650 | 4 | _aLATIFUNDIO | |
| 650 | 4 | _aLUCHAS SOCIALES | |
| 650 | 4 | _aSINDICATOS | |
| 700 | 1 |
_aBayer, Osvaldo _eprologuista |
|
| 942 | _cBK | ||
| 998 | _cmariana | ||
| 999 |
_c17811 _d17811 |
||